[Event "Pilsen Open 2014"]
[Site "Pilsen CZE"]
[Date "2014.11.23"]
[Round "1"]
[White "Simantsev, Mikhail"]
[Black "Prachar, Josef"]
[Result "1-0"]
[WhiteElo "2452"]
[BlackElo "1884"]
[PlyCount "67"]
[EventDate "2014.11.23"]
[EventType "swiss"]
[EventRounds "7"]
[Source "lmi"]
[SourceDate "2014.11.23"]

1. d4 Nf6 2. c4 c5 3. d5 e6 4. Nc3 exd5 5. cxd5 d6 6. Nf3 g6 7. Bf4 a6 8. a4
Bg7 9. e3 Nh5 10. Bg5 Qc7 11. Nd2 h6 12. Bh4 g5 13. Qxh5 gxh4 14. Qxh4 Nd7 15.
Be2 Nf6 16. O-O Bd7 17. a5 Kf8 18. Nc4 Bb5 19. Nb6 Re8 20. Bxb5 axb5 21. Nxb5
Qd8 22. Ra4 Re5 23. Rd1 Rg5 24. Qf4 Ne8 25. Nc4 Be5 26. Nxe5 dxe5 27. Qc4 Rhg8
28. Qxc5+ Nd6 29. Qxd6+ Qxd6 30. Nxd6 Rxg2+ 31. Kf1 Rxh2 32. Ke2 Rgg2 33. Rf1
h5 34. Nxb7 1-0

[Event "Pilsen Open 2014"]
[Site "Pilsen CZE"]
[Date "2014.11.23"]
[Round "1"]
[White "Bechynsky, Jan"]
[Black "Roeder, Matthias"]
[Result "0-1"]
[WhiteElo "1873"]
[BlackElo "2411"]
[PlyCount "48"]
[EventDate "2014.11.23"]
[EventType "swiss"]
[EventRounds "7"]
[Source "lmi"]
[SourceDate "2014.11.23"]

1. e4 c5 2. c3 Nf6 3. e5 Nd5 4. d4 cxd4 5. cxd4 d6 6. exd6 e6 7. Nc3 Nxc3 8.
bxc3 Bxd6 9. Bd3 Qc7 10. Qc2 Nd7 11. Nf3 b6 12. Be4 Bb7 13. Bxb7 Qxb7 14. O-O
Rc8 15. Bb2 O-O 16. c4 Qa6 17. Rfc1 Bf4 18. Re1 Rxc4 19. Qe4 Bh6 20. Ne5 Nxe5
21. Qxe5 Rd8 22. Re4 Qc8 23. Rae1 Rc2 24. Rb1 Rxb2 0-1

[Event "Pilsen Open 2014"]
[Site "Pilsen CZE"]
[Date "2014.11.23"]
[Round "1"]
[White "Ivanov, Mikhail"]
[Black "Horyna, Josef"]
[Result "1-0"]
[WhiteElo "2380"]
[BlackElo "1865"]
[PlyCount "53"]
[EventDate "2014.11.23"]
[EventType "swiss"]
[EventRounds "7"]
[Source "lmi"]
[SourceDate "2014.11.23"]

1. d4 Nf6 2. Nf3 d5 3. c4 e6 4. g3 c6 5. Bg2 Bd6 6. O-O O-O 7. Nc3 Nbd7 8. Nd2
Re8 9. e4 Nxe4 10. Ndxe4 dxe4 11. Nxe4 Be7 12. Bf4 Nf8 13. c5 Ng6 14. Bd6 f5
15. Bxe7 Rxe7 16. Nd6 Qc7 17. b4 Bd7 18. Qb3 b6 19. Nxf5 Rf7 20. Nd6 Rf6 21.
Ne4 Rff8 22. Bh3 Rae8 23. Nd6 Re7 24. Rae1 Rf6 25. f4 Kh8 26. Bg2 Qd8 27. Re3
1-0

[Event "Pilsen Open 2014"]
[Site "Pilsen CZE"]
[Date "2014.11.23"]
[Round "1"]
[White "Truksa, Vaclav"]
[Black "Kourousis, Epaminondas"]
[Result "0-1"]
[WhiteElo "1818"]
[BlackElo "2380"]
[PlyCount "90"]
[EventDate "2014.11.23"]
[EventType "swiss"]
[EventRounds "7"]
[Source "lmi"]
[SourceDate "2014.11.23"]

1. e4 c5 2. b4 cxb4 3. a3 d5 4. exd5 Qxd5 5. Bb2 e5 6. axb4 Bxb4 7. Na3 Nc6 8.
Nf3 Bxa3 9. Rxa3 Nge7 10. c4 Qd6 11. Re3 Bg4 12. h3 Bxf3 13. Qxf3 O-O-O 14. Bd3
Nb4 15. Bf5+ Nxf5 16. Qxf5+ Qd7 17. Qxd7+ Rxd7 18. Bxe5 Nc2+ 19. Ke2 Nxe3 20.
fxe3 f6 21. Bc3 Rc7 22. Bd4 Rxc4 23. Bxa7 Kc7 24. Rb1 Rc6 25. Bd4 Ra8 26. Rb2
Ra5 27. g4 h6 28. Kf3 b6 29. Kf4 Kb7 30. h4 g6 31. e4 Ra4 32. Be3 Re6 33. d4
Re8 34. h5 g5+ 35. Kf5 Ra3 36. Re2 Ra5+ 37. d5 Re5+ 38. Kxf6 Rxe4 39. Bxb6 Rf4+
40. Ke7 Kxb6 41. d6 Rd4 42. d7 Ra7 43. Re6+ Kc7 44. Rxh6 Rxd7+ 45. Kf6 Ra6+ 0-1

[Event "Pilsen Open 2014"]
[Site "Pilsen CZE"]
[Date "2014.11.23"]
[Round "1"]
[White "Ianov, Viktor"]
[Black "Simacek, Vaclav"]
[Result "1-0"]
[WhiteElo "2300"]
[BlackElo "1797"]
[PlyCount "103"]
[EventDate "2014.11.23"]
[EventType "swiss"]
[EventRounds "7"]
[Source "lmi"]
[SourceDate "2014.11.23"]

1. Nf3 Nf6 2. g3 d5 3. Bg2 Bf5 4. c4 e6 5. Qb3 dxc4 6. Qxb7 Nbd7 7. Nc3 Bc5 8.
Qa6 O-O 9. Qxc4 Rb8 10. a3 Qe7 11. b4 Bd6 12. e4 Bg6 13. O-O c5 14. b5 Nb6 15.
Qe2 e5 16. a4 Rfc8 17. a5 Nbd7 18. Qc4 Nf8 19. Bh3 Rc7 20. d3 Bh5 21. Nh4 Bg6
22. Bg5 Rcb7 23. a6 Rd7 24. Nd5 Qd8 25. f4 Be7 26. Bxf6 Bxf6 27. Bxd7 Nxd7 28.
Nxg6 hxg6 29. Ra2 exf4 30. gxf4 Bd4+ 31. Kh1 Nb6 32. Nxb6 Qxb6 33. Rb1 Re8 34.
Rg2 Be3 35. e5 Rd8 36. Qe4 c4 37. dxc4 Rd4 38. Qa8+ Rd8 39. Qf3 Qd4 40. Rf1
Qxc4 41. f5 gxf5 42. Qxf5 Qd5 43. h4 Re8 44. e6 Qxf5 45. Rxf5 fxe6 46. Rf3 Bd4
47. h5 Kh7 48. Rf7 Rd8 49. Rd2 e5 50. Rxa7 e4 51. Re7 Rd5 52. Rxe4 1-0

[Event "Pilsen Open 2014"]
[Site "Pilsen CZE"]
[Date "2014.11.23"]
[Round "1"]
[White "Soutner, Jaroslav"]
[Black "Piankov, Evgenij"]
[Result "1/2-1/2"]
[WhiteElo "1771"]
[BlackElo "2283"]
[PlyCount "97"]
[EventDate "2014.11.23"]
[EventType "swiss"]
[EventRounds "7"]
[Source "lmi"]
[SourceDate "2014.11.23"]

1. e4 g6 2. d4 Bg7 3. c4 d6 4. Nf3 Bg4 5. Be2 Nc6 6. Be3 e5 7. d5 Bxf3 8. Bxf3
Nd4 9. Nd2 c5 10. dxc6 bxc6 11. O-O c5 12. Qa4+ Qd7 13. Qxd7+ Kxd7 14. Bd1 Rb8
15. b3 Ne7 16. Nf3 f5 17. Nxd4 exd4 18. Bf4 fxe4 19. Re1 e3 20. fxe3 Rhf8 21.
Bg4+ Kc7 22. Rad1 Nf5 23. Bxf5 Rxf5 24. g3 Re8 25. exd4 Bxd4+ 26. Kg2 Be5 27.
Re4 g5 28. Bc1 Ref8 29. Be3 h6 30. Re1 Kc6 31. Re2 Rf1 32. Bf2 Ra1 33. Rg4 a5
34. h4 gxh4 35. Rxh4 Rf6 36. Rh1 Rxh1 37. Kxh1 Rf3 38. Kg2 Rc3 39. Be1 Rc1 40.
Bxa5 h5 41. Bd8 Rc3 42. Bh4 Kd7 43. Rf2 Ke6 44. Rf3 Rc2+ 45. Rf2 Rc3 46. Rf3
Rc2+ 47. Rf2 Rc3 48. Rf3 Rc2+ 49. Rf2 1/2-1/2

[Event "Pilsen Open 2014"]
[Site "Pilsen CZE"]
[Date "2014.11.23"]
[Round "1"]
[White "Burnett, Andrew"]
[Black "Steinkellner, Rudolf"]
[Result "1-0"]
[WhiteElo "2269"]
[BlackElo "1767"]
[PlyCount "65"]
[EventDate "2014.11.23"]
[EventType "swiss"]
[EventRounds "7"]
[Source "lmi"]
[SourceDate "2014.11.23"]

1. Nf3 d5 2. c4 c6 3. d4 e6 4. Qc2 Nf6 5. e3 Be7 6. Nc3 O-O 7. Bd2 Nbd7 8. h3
a6 9. g4 Qc7 10. g5 Nh5 11. Bd3 g6 12. cxd5 e5 13. dxc6 bxc6 14. Nd5 Qd6 15.
Nxe7+ Qxe7 16. dxe5 Nxe5 17. Nxe5 Qxe5 18. Be4 Bb7 19. Bc3 Qxg5 20. O-O-O Rfd8
21. Rhg1 Qe7 22. Bf3 Ng7 23. Qa4 Qc5 24. Qh4 Qf8 25. Qf6 Rab8 26. h4 Re8 27.
Rd6 Re6 28. Rxe6 fxe6 29. Qe5 Ba8 30. Be2 Rb7 31. Rd1 Rf7 32. Bc4 Rf6 33. Qxf6
1-0

[Event "Pilsen Open 2014"]
[Site "Pilsen CZE"]
[Date "2014.11.23"]
[Round "1"]
[White "Pribylova, Sofie"]
[Black "Kaiser, Dieter"]
[Result "0-1"]
[WhiteElo "1763"]
[BlackElo "2254"]
[PlyCount "60"]
[EventDate "2014.11.23"]
[EventType "swiss"]
[EventRounds "7"]
[Source "lmi"]
[SourceDate "2014.11.23"]

1. d4 Nf6 2. Bf4 g6 3. e3 Bg7 4. Nf3 O-O 5. Bd3 d6 6. Nbd2 Nbd7 7. O-O Qe8 8.
Bg3 e5 9. dxe5 dxe5 10. Bc4 Nh5 11. c3 Kh8 12. Qb3 Nb6 13. Bb5 c6 14. Be2 Be6
15. Qc2 Nxg3 16. hxg3 Qe7 17. Rad1 f5 18. e4 f4 19. gxf4 exf4 20. Nd4 Bg8 21.
f3 Rae8 22. Kf2 Qh4+ 23. Kg1 Re5 24. Bd3 Rh5 25. Rfe1 c5 26. N4b3 c4 27. Bxc4
Nxc4 28. Nxc4 Bxc4 29. Qd2 Qh2+ 30. Kf2 Rg5 0-1

[Event "Pilsen Open 2014"]
[Site "Pilsen CZE"]
[Date "2014.11.23"]
[Round "1"]
[White "Chudinovskikh, Alexander M"]
[Black "Berka, Lubos"]
[Result "1-0"]
[WhiteElo "2242"]
[BlackElo "1751"]
[PlyCount "67"]
[EventDate "2014.11.23"]
[EventType "swiss"]
[EventRounds "7"]
[Source "lmi"]
[SourceDate "2014.11.23"]

1. e4 c6 2. Nf3 d5 3. Nc3 dxe4 4. Nxe4 Bf5 5. Ng3 Bg6 6. h4 h6 7. Ne5 Qd6 8. d4
Nd7 9. Nxg6 Qxg6 10. Bc4 O-O-O 11. h5 Qd6 12. Bxf7 e5 13. Be3 Qb4+ 14. c3 Qxb2
15. O-O exd4 16. cxd4 Ngf6 17. Qa4 Qa3 18. Qc2 Nb6 19. Rab1 Nfd5 20. Rb3 Qd6
21. Ne4 Qc7 22. Be6+ Kb8 23. Rfb1 Be7 24. a4 Nxe3 25. fxe3 Bg5 26. a5 Nd5 27.
Bxd5 Bxe3+ 28. Kh1 Rxd5 29. Rxb7+ Qxb7 30. Rxb7+ Kxb7 31. Qb3+ Kc7 32. Qxe3
Rxa5 33. Nc5 Rb8 34. Qe7+ 1-0

[Event "Pilsen Open 2014"]
[Site "Pilsen CZE"]
[Date "2014.11.23"]
[Round "1"]
[White "Klucznik, Andre"]
[Black "Palek, Miroslav"]
[Result "1/2-1/2"]
[WhiteElo "1722"]
[BlackElo "2226"]
[PlyCount "105"]
[EventDate "2014.11.23"]
[EventType "swiss"]
[EventRounds "7"]
[Source "lmi"]
[SourceDate "2014.11.23"]

1. e4 c5 2. c3 Nf6 3. e5 Nd5 4. g3 d6 5. exd6 Qxd6 6. Bg2 Nc6 7. Ne2 g6 8. Na3
Be6 9. Nb5 Qb8 10. d4 c4 11. Nf4 a6 12. Nxd5 Bxd5 13. Bxd5 axb5 14. Qf3 Nd8 15.
Bf4 Qc8 16. Be5 f6 17. Bf4 e6 18. Qe2 Bg7 19. O-O Qd7 20. Bg2 O-O 21. Rfe1 Ra6
22. h4 Nf7 23. Bh3 f5 24. Qc2 h6 25. Qd2 e5 26. dxe5 Qxd2 27. Bxd2 Nxe5 28. Bg2
Rd8 29. Be3 Nd3 30. Re2 Rd7 31. a3 b4 32. Rc2 bxc3 33. bxc3 b5 34. Rb1 Rxa3 35.
Rxb5 Ra1+ 36. Kh2 Ne1 37. Rd2 Rxd2 38. Bxd2 Nxg2 39. Kxg2 Ra3 40. Rc5 Bxc3 41.
Bxh6 Ra4 42. Rc6 Kh7 43. Be3 Bg7 44. Rc7 c3 45. Bf4 Re4 46. Kf3 Re6 47. Be3 Kg8
48. Rc8+ Kf7 49. Rc7+ Kf8 50. Rc8+ Kf7 51. Rc7+ Kg8 52. Rc8+ Kh7 53. Rc7
1/2-1/2

[Event "Pilsen Open 2014"]
[Site "Pilsen CZE"]
[Date "2014.11.23"]
[Round "1"]
[White "Kuba, Stanislav"]
[Black "Friedel, Roland"]
[Result "1-0"]
[WhiteElo "2174"]
[BlackElo "1713"]
[PlyCount "47"]
[EventDate "2014.11.23"]
[EventType "swiss"]
[EventRounds "7"]
[Source "lmi"]
[SourceDate "2014.11.23"]

1. g3 d5 2. Bg2 Nf6 3. Nf3 Bf5 4. d4 Nbd7 5. c4 e6 6. Nh4 Bg4 7. h3 Bh5 8. g4
Bg6 9. Nxg6 hxg6 10. Nc3 c6 11. cxd5 Nxd5 12. e4 Nxc3 13. bxc3 Nb6 14. a4 a5
15. Rb1 Bd6 16. Qb3 Bc7 17. Ba3 Rb8 18. O-O Nc8 19. d5 exd5 20. exd5 Ne7 21.
Rfe1 Bd6 22. Bxd6 Qxd6 23. dxc6 O-O 24. cxb7 1-0

[Event "Pilsen Open 2014"]
[Site "Pilsen CZE"]
[Date "2014.11.23"]
[Round "1"]
[White "Pospisil, Petr"]
[Black "Ilandzis, Spyridon"]
[Result "0-1"]
[WhiteElo "1713"]
[BlackElo "2148"]
[PlyCount "72"]
[EventDate "2014.11.23"]
[EventType "swiss"]
[EventRounds "7"]
[Source "lmi"]
[SourceDate "2014.11.23"]

1. d4 e6 2. c4 b6 3. Nc3 Bb7 4. Bf4 Bb4 5. Qc2 Nf6 6. a3 Bxc3+ 7. Qxc3 Ne4 8.
Qc1 c5 9. Nf3 Nc6 10. e3 g5 11. Bg3 h5 12. h3 Nxg3 13. fxg3 Qc7 14. Kf2 O-O-O
15. Be2 g4 16. hxg4 hxg4 17. Nh4 cxd4 18. b4 Qe5 19. b5 dxe3+ 20. Qxe3 Qxe3+
21. Kxe3 Ne5 22. Rac1 Kb8 23. Kf2 d5 24. c5 bxc5 25. Rxc5 Rc8 26. Rhc1 Rxc5 27.
Rxc5 Rc8 28. Rxc8+ Kxc8 29. a4 d4 30. Ke1 Kc7 31. Kd2 Kb6 32. Bd1 Nc4+ 33. Kc1
Ne3 34. Be2 Ka5 35. Kd2 Kxa4 36. Kd3 e5 0-1

[Event "Pilsen Open 2014"]
[Site "Pilsen CZE"]
[Date "2014.11.23"]
[Round "1"]
[White "Egorov, Konstantin"]
[Black "Froehlich, Manuel"]
[Result "1-0"]
[WhiteElo "2089"]
[BlackElo "1711"]
[PlyCount "51"]
[EventDate "2014.11.23"]
[EventType "swiss"]
[EventRounds "7"]
[Source "lmi"]
[SourceDate "2014.11.23"]

1. d4 c5 2. d5 e6 3. c4 exd5 4. cxd5 d6 5. g3 g6 6. a4 Bg7 7. Ra3 Ne7 8. e4 O-O
9. Bg2 f5 10. Nc3 Nd7 11. Nf3 Bxc3+ 12. Rxc3 fxe4 13. Ng5 Nf6 14. Nxe4 Nexd5
15. Nxf6+ Nxf6 16. Qb3+ Kg7 17. O-O Rb8 18. Bf4 Nh5 19. Be3 b6 20. Rd1 Qe7 21.
Rcd3 Be6 22. Qc3+ Kg8 23. Rxd6 Rbd8 24. Qe5 Rxd6 25. Rxd6 Rd8 26. Rxe6 1-0

[Event "Pilsen Open 2014"]
[Site "Pilsen CZE"]
[Date "2014.11.23"]
[Round "1"]
[White "Thierry, Rein"]
[Black "Braeuer, Karl Heinz"]
[Result "0-1"]
[WhiteElo "1700"]
[BlackElo "2087"]
[PlyCount "142"]
[EventDate "2014.11.23"]
[EventType "swiss"]
[EventRounds "7"]
[Source "lmi"]
[SourceDate "2014.11.23"]

1. d4 Nf6 2. Nf3 d5 3. Bf4 e6 4. e3 c5 5. c3 Qb6 6. Qc2 Bd7 7. Nbd2 Bc6 8. Bd3
Nbd7 9. Ne5 cxd4 10. Nxd7 Nxd7 11. cxd4 h6 12. O-O Be7 13. Rfc1 O-O 14. Nf3
Rac8 15. Qe2 a6 16. Rc2 Ba4 17. b3 Rxc2 18. Qxc2 Bc6 19. Ne5 Nxe5 20. Bxe5 Qd8
21. Bxa6 Ba3 22. Bd3 Qe7 23. Qe2 f6 24. Bg3 e5 25. Bf5 Be8 26. Qc2 Bc6 27. Qd1
Ra8 28. Rb1 e4 29. Qg4 Be8 30. Be6+ Bf7 31. Bxf7+ Qxf7 32. Qe2 Qd7 33. f3 exf3
34. gxf3 Qc6 35. e4 Qc3 36. exd5 Qxd4+ 37. Bf2 Qxd5 38. Qc4 Qxc4 39. bxc4 Bd6
40. Rb2 Be5 41. Rc2 Kf7 42. Bg3 Ke6 43. f4 Bb8 44. Rb2 g5 45. fxg5 Bxg3 46.
hxg3 hxg5 47. g4 Ra4 48. Rb6+ Ke5 49. Rxb7 Rxc4 50. Rb5+ Ke6 51. Rb6+ Kf7 52.
Ra6 Rxg4+ 53. Kf2 Rb4 54. a4 Kg6 55. a5 g4 56. Ra8 Kg5 57. a6 Kf4 58. a7 Rb2+
59. Ke1 Ra2 60. Rf8 Rxa7 61. Rxf6+ Kg3 62. Rg6 Rf7 63. Ra6 Kh3 64. Rh6+ Kg2 65.
Re6 Rf1+ 66. Ke2 Ra1 67. Rf6 Ra8 68. Re6 g3 69. Ke1 Rh8 70. Re7 Kh1 71. Rg7 g2
0-1

[Event "Pilsen Open 2014"]
[Site "Pilsen CZE"]
[Date "2014.11.23"]
[Round "1"]
[White "Grove, Michael"]
[Black "Hruby, Vaclav"]
[Result "1-0"]
[WhiteElo "2083"]
[BlackElo "1690"]
[PlyCount "121"]
[EventDate "2014.11.23"]
[EventType "swiss"]
[EventRounds "7"]
[Source "lmi"]
[SourceDate "2014.11.23"]

1. e4 e5 2. Nf3 Nc6 3. d4 exd4 4. Nxd4 Nf6 5. Nxc6 bxc6 6. e5 Qe7 7. Qe2 Nd5 8.
c4 Ba6 9. Nd2 Nf4 10. Qe3 Ne6 11. Bd3 Qg5 12. Qxg5 Nxg5 13. O-O Be7 14. Nb3 Ne6
15. Be3 O-O 16. Rfd1 Bc8 17. Be4 f6 18. Nd4 Nxd4 19. Bxd4 fxe5 20. Bxe5 Bf6 21.
Bxc7 Bxb2 22. Rab1 Ba3 23. Rb3 Bc5 24. Bf3 Ba6 25. Rxd7 Rae8 26. Rd1 Re7 27.
Bg3 Rfe8 28. h3 Re1+ 29. Rxe1 Rxe1+ 30. Kh2 Rc1 31. Bxc6 Bxc4 32. Rb7 Bxa2 33.
Be5 Bf8 34. Be4 a6 35. Ra7 Re1 36. f3 Bc4 37. Rc7 Bb3 38. Rc3 Bf7 39. Rc8 Rd1
40. Bxh7+ Kxh7 41. Rxf8 Rd7 42. Ra8 Bc4 43. Kg3 Bf1 44. Kf2 Bb5 45. Ke3 Bf1 46.
Kf2 Bb5 47. h4 Rd2+ 48. Kg1 Rd7 49. Bc3 Rd3 50. Rc8 Rd7 51. Kf2 Bd3 52. g4 Bb5
53. Rc5 Rd1 54. Rh5+ Kg8 55. Rg5 Rd7 56. h5 Kh7 57. Kg3 Kh6 58. Re5 Bf1 59. Kh4
Bb5 60. Bb2 Rd2 61. Bc1 1-0

[Event "Pilsen Open 2014"]
[Site "Pilsen CZE"]
[Date "2014.11.23"]
[Round "1"]
[White "Baraniuk, Andrej"]
[Black "Janska, Jitka"]
[Result "0-1"]
[WhiteElo "1681"]
[BlackElo "2077"]
[PlyCount "54"]
[EventDate "2014.11.23"]
[EventType "swiss"]
[EventRounds "7"]
[Source "lmi"]
[SourceDate "2014.11.23"]

1. Nf3 d5 2. c4 e6 3. e3 Nf6 4. d4 Be7 5. Nc3 O-O 6. b3 b6 7. cxd5 exd5 8. Bd3
Bb7 9. O-O Nbd7 10. Bb2 Ne4 11. Qc2 f5 12. Rac1 c6 13. Qe2 Rb8 14. Rfe1 Bd6 15.
Nd2 Rf6 16. Nf1 Qe7 17. f3 Nxc3 18. Bxc3 Rbf8 19. Qc2 Qf7 20. e4 fxe4 21. fxe4
Rf2 22. Bd2 Bf4 23. e5 Bxd2 24. Bxh7+ Kh8 25. Nxd2 Qf4 26. Rcd1 Qg4 27. g3 Qh3
0-1

[Event "Pilsen Open 2014"]
[Site "Pilsen CZE"]
[Date "2014.11.23"]
[Round "1"]
[White "Svidinsky, Dmtry"]
[Black "Leseticky, Vladimir"]
[Result "1-0"]
[WhiteElo "2073"]
[BlackElo "1680"]
[PlyCount "41"]
[EventDate "2014.11.23"]
[EventType "swiss"]
[EventRounds "7"]
[Source "lmi"]
[SourceDate "2014.11.23"]

1. e4 d5 2. exd5 e6 3. dxe6 Bxe6 4. Nf3 Nf6 5. d4 Bd6 6. Bd3 O-O 7. Bg5 Re8 8.
O-O Bg4 9. Nbd2 Nbd7 10. c3 c5 11. Qc2 Bxf3 12. Nxf3 Qc7 13. dxc5 Bxc5 14. Rfe1
Bd6 15. Rad1 Ne5 16. Nxe5 Bxe5 17. Bxf6 Bxf6 18. Bxh7+ Kf8 19. Be4 Qe5 20. g3
Qc7 21. Bf3 1-0

[Event "Pilsen Open 2014"]
[Site "Pilsen CZE"]
[Date "2014.11.23"]
[Round "1"]
[White "Malek, Milan"]
[Black "Eret, Jonas"]
[Result "0-1"]
[WhiteElo "1671"]
[BlackElo "2054"]
[PlyCount "28"]
[EventDate "2014.11.23"]
[EventType "swiss"]
[EventRounds "7"]
[Source "lmi"]
[SourceDate "2014.11.23"]

1. e4 e6 2. d4 d5 3. e5 c5 4. c3 Nc6 5. a3 Qb6 6. Nf3 a5 7. Be2 Bd7 8. O-O f6
9. exf6 Nxf6 10. dxc5 Bxc5 11. Qc2 O-O 12. Nbd2 Bxf2+ 13. Kh1 Be3 14. h3 Nh5
0-1

[Event "Pilsen Open 2014"]
[Site "Pilsen CZE"]
[Date "2014.11.23"]
[Round "1"]
[White "Malinovsky, Petr"]
[Black "Ruzicka, Vaclav"]
[Result "1-0"]
[WhiteElo "2024"]
[BlackElo "1671"]
[PlyCount "61"]
[EventDate "2014.11.23"]
[EventType "swiss"]
[EventRounds "7"]
[Source "lmi"]
[SourceDate "2014.11.23"]

1. d4 Nf6 2. c4 e6 3. Nc3 Bb4 4. Bg5 O-O 5. e3 h6 6. Bh4 d5 7. Bd3 c5 8. Nge2
cxd4 9. exd4 dxc4 10. Bxc4 Nbd7 11. O-O Bxc3 12. Nxc3 Nb6 13. Bb3 Bd7 14. Ne4
Nbd5 15. Bxd5 exd5 16. Nxf6+ gxf6 17. Qh5 Kh7 18. Rac1 Be6 19. Rc3 Rc8 20. Rf3
Rg8 21. Rxf6 Qf8 22. Re1 Qg7 23. g3 Rcf8 24. f4 a6 25. f5 Bd7 26. Re7 Be8 27.
Rxe8 Rxe8 28. Rxf7 Ref8 29. Qg6+ Kh8 30. Bf6 Rxf7 31. Qxh6# 1-0

[Event "Pilsen Open 2014"]
[Site "Pilsen CZE"]
[Date "2014.11.23"]
[Round "1"]
[White "Voith, Walter"]
[Black "Stengl, Jaroslav"]
[Result "0-1"]
[WhiteElo "1650"]
[BlackElo "2024"]
[PlyCount "92"]
[EventDate "2014.11.23"]
[EventType "swiss"]
[EventRounds "7"]
[Source "lmi"]
[SourceDate "2014.11.23"]

1. e4 e6 2. d3 d5 3. Nd2 c5 4. Ngf3 Nc6 5. g3 Nf6 6. Bg2 Bd6 7. O-O O-O 8. Re1
Qc7 9. Qe2 Nd7 10. Nf1 d4 11. h4 e5 12. Bh3 Nb6 13. Bxc8 Raxc8 14. b3 Nd7 15.
a4 a6 16. N1h2 b5 17. h5 Ne7 18. g4 c4 19. g5 cxd3 20. cxd3 Qc2 21. axb5 axb5
22. Bd2 Nc5 23. Ng4 Nxd3 24. Red1 Ra8 25. Ne1 Nxe1 26. Qxe1 Rxa1 27. Rxa1 Qxb3
28. h6 Qf3 29. Nh2 Qh3 30. hxg7 Kxg7 31. Bc1 Ng6 32. Ra6 Rc8 33. Bd2 Be7 34.
Qf1 Qxf1+ 35. Kxf1 Rb8 36. Ng4 b4 37. Nh6 b3 38. Nf5+ Kf8 39. Ra1 b2 40. Rb1
Ba3 41. Ke2 Rc8 42. Kd1 Nf4 43. Nxd4 Nd3 44. Nf5 Rc1+ 45. Bxc1 bxc1=Q+ 46. Rxc1
Bxc1 0-1

[Event "Pilsen Open 2014"]
[Site "Pilsen CZE"]
[Date "2014.11.23"]
[Round "1"]
[White "Sideris, Nikiforos"]
[Black "Zoubek, Vladimir"]
[Result "1-0"]
[WhiteElo "2017"]
[BlackElo "1640"]
[PlyCount "37"]
[EventDate "2014.11.23"]
[EventType "swiss"]
[EventRounds "7"]
[Source "lmi"]
[SourceDate "2014.11.23"]

1. e4 c6 2. d4 d5 3. exd5 Qxd5 4. Nc3 Qd8 5. Nf3 Nf6 6. Bc4 e6 7. O-O Be7 8.
Re1 O-O 9. Bf4 Bd6 10. Ne5 Qc7 11. Qf3 Nd5 12. Nxd5 exd5 13. Bd3 f5 14. c4 Nd7
15. cxd5 c5 16. Rac1 Qb6 17. Nc4 Bxf4 18. Nxb6 Bxc1 19. Nxa8 1-0

[Event "Pilsen Open 2014"]
[Site "Pilsen CZE"]
[Date "2014.11.23"]
[Round "1"]
[White "Hlozek, David"]
[Black "Kucera, Tomas"]
[Result "0-1"]
[WhiteElo "1594"]
[BlackElo "1978"]
[PlyCount "78"]
[EventDate "2014.11.23"]
[EventType "swiss"]
[EventRounds "7"]
[Source "lmi"]
[SourceDate "2014.11.23"]

1. e4 c5 2. Nf3 e6 3. d4 cxd4 4. Nxd4 a6 5. Nc3 b5 6. Be3 Bb7 7. f3 Qc7 8. a3
b4 9. axb4 Bxb4 10. Qd2 Nf6 11. Bd3 d5 12. exd5 Nxd5 13. Nde2 Nxe3 14. Qxe3 O-O
15. Qd4 Be7 16. Ne4 Nc6 17. Qf2 Nb4 18. N2c3 Rad8 19. Qe2 Nxd3+ 20. cxd3 Qc6
21. Qf2 Qc7 22. Qe2 Qe5 23. Rd1 Rd7 24. O-O Rfd8 25. Rd2 Bb4 26. Rfd1 h6 27.
Kh1 a5 28. Qe3 Rd4 29. Rc2 Ba6 30. f4 Qc7 31. Rcd2 Qd7 32. Nf2 Qd6 33. Nfe4 Qd7
34. Nf2 Bb7 35. h3 Qc6 36. Nfe4 f5 37. Nf6+ gxf6 38. Qg3+ Kh7 39. Qh4 Rg8 0-1

[Event "Pilsen Open 2014"]
[Site "Pilsen CZE"]
[Date "2014.11.23"]
[Round "1"]
[White "Vlk, Miloslav"]
[Black "Stankova, Zuzana"]
[Result "1-0"]
[WhiteElo "1956"]
[BlackElo "1562"]
[PlyCount "87"]
[EventDate "2014.11.23"]
[EventType "swiss"]
[EventRounds "7"]
[Source "lmi"]
[SourceDate "2014.11.23"]

1. c4 Nf6 2. Nc3 g6 3. g3 Bg7 4. Bg2 O-O 5. Nf3 d6 6. d4 Nbd7 7. O-O e5 8. b3
Re8 9. e3 c6 10. Bb2 e4 11. Nd2 d5 12. cxd5 cxd5 13. Rc1 a6 14. Na4 Nf8 15. Qc2
Re7 16. Ba3 Re6 17. Qc7 Qxc7 18. Rxc7 Rc6 19. Rxc6 bxc6 20. Rc1 Bd7 21. Nb6 Ra7
22. Nxd7 N8xd7 23. Rxc6 a5 24. Rc8+ Bf8 25. Bf1 Kg7 26. Bxf8+ Nxf8 27. Nb1 Ne6
28. Nc3 Nc7 29. a3 Rb7 30. b4 axb4 31. axb4 Nfe8 32. Nxd5 Nxd5 33. Rxe8 f5 34.
b5 Rb6 35. Rc8 Nb4 36. Bc4 Kf6 37. h4 h5 38. Kf1 g5 39. hxg5+ Kxg5 40. Be2 h4
41. Rg8+ Rg6 42. gxh4+ Kf6 43. Rxg6+ Kxg6 44. h5+ 1-0

[Event "Pilsen Open 2014"]
[Site "Pilsen CZE"]
[Date "2014.11.23"]
[Round "1"]
[White "Malkova, Adriana"]
[Black "Borisek, Anze"]
[Result "0-1"]
[WhiteElo "1546"]
[BlackElo "1934"]
[PlyCount "76"]
[EventDate "2014.11.23"]
[EventType "swiss"]
[EventRounds "7"]
[Source "lmi"]
[SourceDate "2014.11.23"]

1. e4 a6 2. Nf3 b5 3. Nc3 Bb7 4. Be2 b4 5. Nd5 e6 6. Ne3 Bxe4 7. b3 Nf6 8. Bb2
d5 9. O-O Nbd7 10. d3 Bg6 11. Qd2 Bd6 12. c4 bxc3 13. Bxc3 c5 14. Nc2 O-O 15.
a3 d4 16. Bb2 e5 17. b4 Rb8 18. Rfb1 Nd5 19. bxc5 Nxc5 20. Qd1 Qa5 21. Nd2 Nxd3
22. Nc4 Nxb2 23. Rxb2 Qc7 24. Rc1 Rfc8 25. Rxb8 Rxb8 26. Ne1 Nc3 27. Qd2 Bxa3
28. Ra1 Nxe2+ 29. Qxe2 d3 30. Qxe5 Qxe5 31. Nxe5 d2 32. Nxg6 dxe1=Q+ 33. Rxe1
hxg6 34. h3 Rc8 35. Ra1 Rc1+ 36. Rxc1 Bxc1 37. Kh2 a5 38. f3 a4 0-1

[Event "Pilsen Open 2014"]
[Site "Pilsen CZE"]
[Date "2014.11.23"]
[Round "1"]
[White "Simet, Martin"]
[Black "Pribyl, Viktor"]
[Result "1-0"]
[WhiteElo "1923"]
[BlackElo "1491"]
[PlyCount "39"]
[EventDate "2014.11.23"]
[EventType "swiss"]
[EventRounds "7"]
[Source "lmi"]
[SourceDate "2014.11.23"]

1. e4 c5 2. b4 cxb4 3. a3 bxa3 4. Nxa3 d6 5. d4 Nf6 6. Bd3 Nc6 7. c3 g6 8. f4
e5 9. d5 Ne7 10. fxe5 dxe5 11. Nf3 Bg4 12. Bb5+ Bd7 13. Nxe5 Bxb5 14. Nxb5 a6
15. d6 axb5 16. Rxa8 Qxa8 17. d7+ Kd8 18. Nxf7+ Kc7 19. d8=Q+ Qxd8 20. Qxd8+
1-0

[Event "Pilsen Open 2014"]
[Site "Pilsen CZE"]
[Date "2014.11.23"]
[Round "1"]
[White "Nechutny, Michal"]
[Black "Vucko, Maja"]
[Result "0-1"]
[WhiteElo "1478"]
[BlackElo "1923"]
[PlyCount "70"]
[EventDate "2014.11.23"]
[EventType "swiss"]
[EventRounds "7"]
[Source "lmi"]
[SourceDate "2014.11.23"]

1. e4 c5 2. c3 Nf6 3. e5 Nd5 4. d4 cxd4 5. Nf3 Nc6 6. cxd4 e6 7. Bc4 Nb6 8. Bb3
d6 9. O-O Be7 10. Nc3 O-O 11. Bf4 a6 12. Rc1 d5 13. a3 f6 14. exf6 Bxf6 15. Be5
Bxe5 16. Nxe5 Nxe5 17. dxe5 Bd7 18. Bc2 Qg5 19. Qd4 Qd8 20. Qd3 g6 21. Qg3 Kh8
22. Qh3 Qe8 23. f4 Nc4 24. Rf3 Qf7 25. Qh6 Rg8 26. Rh3 Rg7 27. Rf1 Bc6 28. Rff3
Rf8 29. Rh4 d4 30. Ne4 Bxe4 31. Bxe4 Nd2 32. Rd3 Nxe4 33. Rxd4 Nc5 34. Rc4 Nd3
35. b3 Nxe5 0-1